| 000 | 01061nam a2200289 i 4500 | ||
|---|---|---|---|
| 001 | 46267 | ||
| 003 | ES-MaACL | ||
| 005 | 20230906161343.0 | ||
| 007 | t| | ||
| 008 | 030328s1978 sp ||||1| spa d | ||
| 020 | _a84-7214-146-2 | ||
| 245 | 0 | 0 |
_aComportamiento animal / _cselección e introducciones de Thomas Eisner, Edward O. Wilson ; traducido del inglés por Francisco García Álvarez, Juan Manuel Ibeas, Rubén Rial Planas. |
| 260 |
_a[Madrid] : _bHermann Blume, _c[1978] |
||
| 300 |
_aVI, 404 p. : _bil. col. y n. ; _c28 cm. |
||
| 490 | 1 | _aSelecciones de Scientific American | |
| 504 | _aBibliografía: p. 393-399. | ||
| 650 | 0 | 0 |
_aAnimales- _xConducta. _99833 |
| 700 | 1 |
_aEisner, Thomas. _946872 |
|
| 700 | 1 |
_aWilson, Edward Osborne. _9117025 |
|
| 700 | 1 |
_aGarcía Alvarez, Francisco. _954151 |
|
| 700 | 1 |
_aIbeas Delgado, Juan Manuel. _964987 |
|
| 700 | 1 |
_aRial Planas, Rubén. _996671 |
|
| 710 | 2 |
_aScientific American. _96515 |
|
| 830 | 1 |
_aSelecciones de Scientific American _9181289 |
|
| 852 |
_aES-MaACL _jA-9403 |
||
| 999 |
_c46267 _d46267 |
||